Televisione (La) (Record n. 93825)

Dettagli MARC
000 -LEADER
fixed length control field 01654nam a2200289Ia 4500
001 - CONTROL NUMBER
control field G5014
003 - CONTROL NUMBER IDENTIFIER
control field IT-RoPAU
008 - FIXED-LENGTH DATA ELEMENTS--GENERAL INFORMATION
fixed length control field 130308s9999 xx 000 0 und d
040 ## - CATALOGING SOURCE
Original cataloging agency IT-RoPAU
040 ## - CATALOGING SOURCE
Transcribing agency IT-RoPAU
041 ## - LANGUAGE CODE
Language code of text/sound track or separate title ITALIANO
100 ## - MAIN ENTRY--PERSONAL NAME
Personal name Paci Gabriella
100 ## - MAIN ENTRY--PERSONAL NAME
Miscellaneous information Codice Aut. SPICS: 23926
245 ## - TITLE STATEMENT
Title Televisione (La)
245 ## - TITLE STATEMENT
Remainder of title Televisione (La)
250 ## - EDITION STATEMENT
Edition statement 1a ed.
260 ## - PUBLICATION, DISTRIBUTION, ETC. (IMPRINT)
Place of publication, distribution, etc. NAPOLI
260 ## - PUBLICATION, DISTRIBUTION, ETC. (IMPRINT)
Name of publisher, distributor, etc. Ellissi
260 ## - PUBLICATION, DISTRIBUTION, ETC. (IMPRINT)
Date of publication, distribution, etc. 2000 [1° Ed.:2000 - Ed.Ling.Originale:2000]
300 ## - PHYSICAL DESCRIPTION
Extent "382 p. (prefazione: no ; testo: 382 [pagine: 0-0])"
500 ## - GENERAL NOTE
General note "Televisione: Processo Televisivo o Sviluppo Storico del Mezzo; Industria Espettacolo: Broadcast Negli Stati Uniti, Modello Pubblico Europeo, Televisione in Italia; Organizzazione produttiva e figure Professionali: impresa Televisiva, Informazione Televisiva; Nuovi Scenari: innovazioni Tecnologiche, Televisione Digitale, Dvb, Analogico/Digitale/Multimediale, Televisione Interattiva, Televisione e Rete, fusioni tra I Media, Dalla web tv al Webcasting; cambiamento del Sistema: Oltre Il Modello Generalista: Pay Tv, tv di Nicchia, Pay per View, video On Demand, tv Oggi in Usa, Europa e Italia, fusione dei Gruppi, Nuovo Pubblico Televisivo. Strumenti: consigli di Lettura; Cronologie Sulle principali tappe Dello Sviluppo Tecnico e produttivo Delmezzo in Usa, Europa e Italia; Schede biografiche dei protagonisti della Storia Tecnica e Produttiva; Glossario che Indicizza I termini Utilizzati nel Volume; Bibliografia Ragionata."
650 ## - SUBJECT ADDED ENTRY--TOPICAL TERM
Topical term or geographic name as entry element ENCICLOPEDIE DELLA TELEVISIONE
650 ## - SUBJECT ADDED ENTRY--TOPICAL TERM
Relator term Codice materia Spics: 6951
942 ## - ADDED ENTRY ELEMENTS (KOHA)
Koha item type LIBRO
957 ## -
-- 1
999 ## - SYSTEM CONTROL NUMBERS (KOHA)
-- 1
Dati di copia
Withdrawn status Lost status Damaged status Not for loan Home library Current library Date acquired Total Checkouts Full call number Date last seen Price effective from Koha item type Public note
    Buone Condizioni Not For Loan SPICS-MEDIATECA SPICS-MEDIATECA 08/03/2013   G5014 08/03/2013 08/03/2013 LIBRO Progressivo inserimento: 43618 / N. Volumi: 1 Copie: 1 / data import: 1 marzo 2013 - By Epidotti, Trombetti, Vaglietti.
CREDITS: SOCIETA' SAN PAOLO Via A.Severo, 58 - ROMA (RM) & PERIODICI SAN PAOLO SRL Via Giotto, 36 MILANO & CISF Via Giotto, 36 MILANO & EDIZIONI SAN PAOLO SRL,  Piazza Soncino, 5 CINISELLO BALSAMO (MI) -- ITALY